000 01344nam a2200337 i 4500
001 11714
003 KOSZ 005
005 20191122083041.0
008 150324s1966 pl a f 000 0 pol
040 _aWA N
_cKOSZ 005/RW
_dKOSZ 005/RW
_dKOSZ 005/HR
041 1 _apol
_hfre
080 _a532.5
100 1 _aNougaro, Jean.
_eAutor.
245 1 0 _aPrzepływy wody w korytach otwartych /
_cJ. Nougaro, C. Thirriot ; [tł. z fr. Maria Tarnowska, Aleksander Tarnowski] ; Polska Akademia Nauk. Ośrodek Kształcenia i Doskonalenia Kadr Naukowych.
260 _aWrocław :
_bZakład Narodowy im. Ossolińskich ;
_aWarszawa :
_bWydawnictwo PAN,
_c1966.
300 _a307 s. :
_bil. ;
_c18 cm.
380 _aKsiążki.
500 _aPowiel.
504 _aBibliogr. s. [291]-307.
658 _aInżynieria i technika
658 _aFizyka i astronomia
650 4 _aHydrodynamika
650 4 _aMechanika płynów
650 4 _aPrzepływ
700 1 _aThirriot, C.
_eAutor
700 1 _aTarnowska, Maria
_d(1942- ).
_eTłumaczenie
700 1 _aTarnowski, Aleksander.
_eTłumaczenie
710 2 _aZakład Narodowy im. Ossolińskich
_bWydawnictwo
_4pbl.
856 _uhttp://koha.tu.koszalin.pl/cgi-bin/koha/opac-detail.pl?biblionumber=11714
_yKatalog online BPK
942 _2UKD
_cKS
999 _c11714
_d11714